Statistics for Countries that end in S

Click here to take the quiz!

General Stats

  • This quiz has been taken 119 times
  • The average score is 12 of 17

Answer Stats

ContinentCountry% Correct
North AmericaBahamas
84%
EuropeNetherlands
84%
AsiaMaldives
81%
AsiaLaos
78%
North AmericaBarbados
73%
EuropeBelarus
73%
OceaniaMarshall Islands
73%
North AmericaSaint Kitts and Nevis
73%
OceaniaSolomon Islands
73%
AfricaSeychelles
71%
AfricaComoros
70%
AsiaPhilippines
70%
AsiaCyprus
68%
North AmericaHonduras
63%
North AmericaSaint Vincent and the Grenadines
62%
AsiaUnited Arab Emirates
60%
AfricaMauritius
59%

Score Distribution

Percentile by Number Answered

Percent of People with Each Score

Your Score History

You have not taken this quiz